00422nam a2200157 a 450000100100000000500170001000800410002704000250006808200150009311000270010824000160013524500220015126000490017330000200022250000220024200001593620200929164217.0100222s1929 dr 001 0 spa d aDO-SdBNPbspacBNPHU axxxxbR4261 aRepública Dominicana13aLeyes, etc.10aLey de caminos /. aSanto Domingo :bJ. R. Vda. García,c1929. a11 p. ;c25 cm. aEdición oficial